Cenová politika v podmienkach konkrétneho podniku diplomová práca

Guardado en:
Detalles Bibliográficos
Autor principal: Valičková, Ivana
Autor Corporativo: Fakulta podnikového manažmentu EU. Katedra podnikovohospodárska
Otros Autores: Šagátová, Slavka, 1975-
Formato: Libro
Lenguaje:eslovaco
Publicado: Bratislava 2012
Etiquetas: Agregar Etiqueta
Sin Etiquetas, Sea el primero en etiquetar este registro!

MARC

LEADER 00000nbm a2200000 4500
001 0153961
005 20161109102128.7
041 0 |a slo 
044 |a SK 
245 1 0 |a Cenová politika v podmienkach konkrétneho podniku  |b diplomová práca  |c Ivana Valičková ; školiteľ: Slavka Šagátová 
264 1 |a Bratislava  |c 2012 
300 |a 70 s. 
100 1 |a Valičková, Ivana 
700 1 |a Šagátová, Slavka, 1975- 
710 2 |a Fakulta podnikového manažmentu EU. Katedra podnikovohospodárska